| 000 | 01207nam a22003137a 4500 | ||
|---|---|---|---|
| 005 | 20120228104658.0 | ||
| 008 | 120228t xxu||||| |||| 00| 0 eng d | ||
| 010 | _aENG-104818 | ||
| 020 |
_a9788132107552 _c995.00 |
||
| 035 | _aEN-88351 | ||
| 037 | _bDBAD/PUB | ||
| 040 |
_aDPL _bEng |
||
| 082 | _a362.10954 | ||
| 100 | _943126 | ||
| 245 |
_aNew directions in health psychology / _cedited by Ajit K. Dalal [and] Girishwar Misra |
||
| 260 |
_aNew Delhi _bSage Publications _c2012 |
||
| 270 |
_aB1/I-1 Mohan Cooperative industrial Area, Mathura Road _bNew Delhi _e110044 |
||
| 300 |
_axviii,484p. _c22cm(Hb) |
||
| 500 | _aIncludes bibliographical references and index. | ||
| 650 |
_aMind and body _943127 _z India. |
||
| 650 |
_aHealth _xPsychological aspects _943128 |
||
| 650 |
_aHealth attitudes _zIndia. _943129 |
||
| 650 |
_aWell-being _zIndia. _943130 |
||
| 650 |
_aPhilosophy, Indic. _943131 |
||
| 700 |
_aDalal, Ajit K. _943132 |
||
| 700 |
_aMisra, Girishwar, _d1951- _943133 |
||
| 942 |
_2ddc _cEN _h362.10954 _mNEW |
||
| 999 |
_c63539 _d63539 |
||